| 000 | 00536nam a22001697a 4500 | ||
|---|---|---|---|
| 005 | 20260226101548.0 | ||
| 008 | 260226b |||||||| |||| 00| 0 eng d | ||
| 020 | _a0-8053-1670-1 | ||
| 100 | _aFRASER, CHRISTOPHER W. | ||
| 245 |
_aA RETARGETABLE C COMPILER _bDESIGN AND IMPLEMENTATION |
||
| 260 |
_aNEWYORK _bTHE BENJAMIN/ CUMMINGS COMPANY _c1995 |
||
| 300 | _aXV, 562P. | ||
| 500 | _aINCLUDES INDEX | ||
| 650 | _a1. C (COMPUTER PROGRAM LANGUAGE) 2. COMPILERS (COMPUTER PROGRAMS) | ||
| 700 | _aHANSON, DAVIDD R. | ||
| 942 |
_2lcc _cBK |
||
| 999 |
_c216689 _d216689 |
||